Geography Quiz

Random Geography or World Quiz

Longest Rivers Quiz Stats

 Plays Quiz Updated Mar 8, 2017

Support Sporcle.
Go Orange.
Score 0/25 Timer 08:00
1 Play Today
% Correct
Nile
96.6%
Amazon
93.8%
Mississippi
92.9%
Danube
71.2%
Huang He (Yellow)
68%
Rio Grande
64.3%
Missouri
59.7%
Congo
57.6%
Changjiang (Yangtze)
56.9%
Volga
53%
Niger
48.5%
Yukon
45.5%
Mekong
42.2%
% Correct
Indus
38.5%
MacKenzie
29.8%
Lena
25.7%
Parana
24.5%
Murray-Darling
22.6%
Ob-Irtysh
22.3%
Amur
21%
Sao Francisco
17.5%
Yenisey
16.6%
Madeira
13.2%
Purus
12.7%
Lower Tunguska
9.1%

You're not logged in!

Compare scores with friends on all Sporcle quizzes.
OR
Log In
Forgot?

From the Vault

Military Branches by Emblem

by MJK7221995617AM

History 2m
If you're gonna dress up in a fancy military uniform, you should try to have a decent logo at least.
Remove Ads.
Support Sporcle.
Get the best of Sporcle when you Go Orange. This ad-free experience offers more features, more stats, and more fun while also helping to support Sporcle. Thank you for becoming a member.

Show Comments

Extras

Top Quizzes Today


Score Distribution

Your Account Isn't Verified!

In order to create a playlist on Sporcle, you need to verify the email address you used during registration. Go to your Sporcle Settings to finish the process.

Report this User

Report this user for behavior that violates our Community Guidelines.

Details: